000 00412nam a2200169 4500
020 _a0534000835
040 _cDLC
082 0 0 _a512 WAD 1972 A034 Or.
100 1 _aWooton, William.
245 1 0 _aIntermediate algebra
250 _a3d alternate ed.
260 _aBelmont, Calif.,
_bWadsworth Pub. Co.
_c[1972]
300 _a484 p.
_c25 cm.
650 0 _aAlgebra.
700 1 _aDrooyan, Irving,
942 _cEK
999 _c12672
_d12672